Statistics for Ballon D'Or / FIFA World Player

Click here to take the quiz!

General Stats

  • This quiz has been taken 110 times
    (66 since last reset)
  • The average score is 47 of 76

Answer Stats

YearAwardAnswer% Correct
2009FIFA World PlayerLionel Messi
98%
2009Ballon D'OrLionel Messi
98%
2019Ballon D'OrLionel Messi
98%
2021Ballon D'OrLionel Messi
98%
2022FIFA The BestLionel Messi
98%
2019FIFA The BestLionel Messi
98%
2015FIFA Ballon D'OrLionel Messi
98%
2012FIFA Ballon D'OrLionel Messi
98%
2011FIFA Ballon D'OrLionel Messi
98%
2010FIFA Ballon D'OrLionel Messi
98%
2017FIFA The BestCristiano Ronaldo
95%
2008Ballon D'OrCristiano Ronaldo
95%
2016Ballon D'OrCristiano Ronaldo
95%
2017Ballon D'OrCristiano Ronaldo
95%
2016FIFA The BestCristiano Ronaldo
95%
2014FIFA Ballon D'OrCristiano Ronaldo
95%
2013FIFA Ballon D'OrCristiano Ronaldo
95%
2008FIFA World PlayerCristiano Ronaldo
95%
1997FIFA World PlayerRonaldo
95%
2002Ballon D'OrRonaldo
95%
1996FIFA World PlayerRonaldo
95%
2002FIFA World PlayerRonaldo
95%
1997Ballon D'OrRonaldo
95%
2018Ballon D'OrLuka Modrić
90%
2018FIFA The BestLuka Modrić
90%
2020FIFA The BestRobert Lewandowski
83%
2021FIFA The BestRobert Lewandowski
83%
2005FIFA World PlayerRonaldinho
83%
2004FIFA World PlayerRonaldinho
83%
2005Ballon D'OrRonaldinho
83%
1998Ballon D'OrZinedine Zidane
81%
2000FIFA World PlayerZinedine Zidane
81%
1998FIFA World PlayerZinedine Zidane
81%
2003FIFA World PlayerZinedine Zidane
81%
2022Ballon D'OrKarim Benzema
80%
2007FIFA World PlayerKaká
78%
2007Ballon D'OrKaká
78%
2006Ballon D'OrFabio Cannavaro
64%
2006FIFA World PlayerFabio Cannavaro
64%
1999FIFA World PlayerRivaldo
61%
1999Ballon D'OrRivaldo
61%
2000Ballon D'OrLuís Figo
59%
2001FIFA World PlayerLuis Figo
59%
2004Ballon D'OrAndriy Shevchenko
54%
2001Ballon D'OrMichael Owen
54%
1995Ballon D'OrGeorge Weah
53%
1995FIFA World PlayerGeorge Weah
53%
2003Ballon D'OrPavel Nedved
53%
1996Ballon D'OrMatthias Sammer
42%
1991FIFA World PlayerLothar Matthäus
37%
1993FIFA World PlayerRoberto Baggio
37%
1992FIFA World PlayerMarco van Basten
34%
2007FIFA World PlayerMarta
32%
2008FIFA World PlayerMarta
32%
2010FIFA Ballon D'OrMarta
32%
2006FIFA World PlayerMarta
32%
2018FIFA The BestMarta
32%
2009FIFA World PlayerMarta
32%
2021Ballon D'OrAlexia Putellas
31%
2021FIFA The BestAlexia Putellas
31%
2022FIFA The BestAlexia Putellas
31%
2022Ballon D'OrAlexia Putellas
31%
1994FIFA World PlayerRomário
31%
2019FIFA The BestMegan Rapinoe
22%
2019Ballon D'OrMegan Rapinoe
22%
2005FIFA World PlayerBirgit Prinz
15%
2004FIFA World PlayerBirgit Prinz
15%
2003FIFA World PlayerBirgit Prinz
15%
2002FIFA World PlayerMia Hamm
15%
2001FIFA World PlayerMia Hamm
15%
2015FIFA Ballon D'OrCarli Lloyd
12%
2016FIFA The BestCarli Lloyd
12%
2018Ballon D'OrAda Hegerberg
8%
2020FIFA The BestLucy Bronze
8%
2014FIFA Ballon D'OrNadine Keßler
7%
2017FIFA The BestLieke Martens
5%

Score Distribution

Percentile by Number Answered

Percent of People with Each Score

Your Score History

You have not taken this quiz since the last reset